000 00447nam a2200181Ia 4500
003 GCL
008 140319s9999 xx 000 0 ara d
040 _aGCL /
_cGCL
082 0 4 _a634.6
_bم ن
100 1 _aمصطفى بدر
245 1 0 _aالنخيل واشباه النخيل /
_cمصطفى بدر
300 _a337
490 _aكتاب
_v0
650 0 4 _aالصور
650 0 4 _aالنخيل
650 0 4 _aالبلح
942 _2ddc
_cBK
999 _c41207
_d41207